[Event "Carnaval"]
[Site "Quebec CAN"]
[Date "2023.02.12"]
[Round "5"]
[White "Guillemette, Hugo"]
[Black "Migot, Tangi"]
[Result "0-1"]
[WhiteElo "2104"]
[BlackElo "2386"]
[PlyCount "82"]
[EventDate "2023.02.10"]
[EventType "swiss"]
[EventRounds "5"]
[EventCountry "CAN"]

1. e4 c5 2. Nf3 e6 3. Nc3 Nc6 4. d4 cxd4 5. Nxd4 Qc7 6. Be3 a6 7. Qf3 Bd6 8.
O-O-O Be5 9. Nxc6 bxc6 10. Bd4 Bxd4 11. Rxd4 Nf6 12. Bc4 O-O 13. Rdd1 d5 14.
exd5 exd5 15. Be2 Rb8 16. Rhe1 Qb6 17. b3 Be6 18. Na4 Qb4 19. Qc3 Qa3+ 20. Qb2
Qd6 21. g3 c5 22. f3 Rfc8 23. Nc3 d4 24. Ne4 Nxe4 25. fxe4 a5 26. a4 Bd7 27.
Qc3 Qb6 28. Qd3 Bxa4 29. Bg4 Bb5 30. Qf3 Re8 31. e5 Bc6 32. Qf4 Bd5 33. Bd7 Re7
34. Ba4 Be6 35. Qd2 Rc7 36. Rf1 Bg4 37. Rde1 c4 38. Kb1 cxb3 39. cxb3 Bd7 40.
Qa2 Bxa4 41. Qxa4 Rc3 0-1

[Event "Choc des generations"]
[Site "Montreal CAN"]
[Date "2023.03.31"]
[Round "1.2"]
[White "Zheng, Richard"]
[Black "Soudre, Nicolas"]
[Result "1-0"]
[WhiteElo "2121"]
[BlackElo "2080"]
[PlyCount "161"]
[EventDate "2023.03.31"]
[EventType "schev"]
[EventRounds "5"]
[EventCountry "CAN"]

1. d4 d5 2. c4 e6 3. Nc3 a6 4. cxd5 exd5 5. Bf4 Nf6 6. e3 Bd6 7. Bxd6 Qxd6 8.
Bd3 Nc6 9. h3 Ne7 10. Nf3 g6 11. O-O O-O 12. Rc1 Bf5 13. Qc2 Bxd3 14. Qxd3 Nf5
15. Na4 Qe7 16. Rc2 Nd6 17. Rfc1 c6 18. Nc5 Nfe4 19. Nd2 Rfe8 20. Ndxe4 Nxe4
21. Nxe4 Qxe4 22. Qxe4 Rxe4 23. b4 f5 24. Rb1 f4 25. Rc3 Kf7 26. a4 Ke7 27. b5
fxe3 28. fxe3 axb5 29. axb5 Kd6 30. bxc6 bxc6 31. Rb7 h5 32. Rg7 Re6 33. Rb3
Rf6 34. Rbb7 Rd8 35. g4 hxg4 36. hxg4 g5 37. Rxg5 Re6 38. Kf2 Rf8+ 39. Ke2 Rfe8
40. Rb3 Rh8 41. Rf5 Rh2+ 42. Kf3 Rh3+ 43. Kf2 Rh2+ 44. Kg3 Re2 45. Kf3 Re1 46.
Kf2 Rh1 47. Rf3 Rg6 48. Rf4 Rh2+ 49. Kg3 Rh1 50. Rb2 Re1 51. Kf2 Rh1 52. Rb7
Rh2+ 53. Kg3 Rh1 54. Rbf7 Rg1+ 55. Kf3 Ke6 56. R7f5 Rf1+ 57. Kg2 Re1 58. Re5+
Kd6 59. g5 Re2+ 60. Rf2 Rxf2+ 61. Kxf2 c5 62. e4 cxd4 63. Rxd5+ Ke6 64. Kf3 Rg8
65. Kg4 Rf8 66. Kh5 Rh8+ 67. Kg6 Rh4 68. Rxd4 Rg4 69. Ra4 Rg1 70. Ra6+ Ke5 71.
Rf6 Kxe4 72. Kh6 Ke5 73. Rf2 Rh1+ 74. Kg7 Ke6 75. g6 Ra1 76. Kh8 Rh1+ 77. Kg8
Ke7 78. g7 Ke8 79. Re2+ Kd7 80. Re4 Rg1 81. Kf7 1-0

[Event "Choc des generations"]
[Site "Montreal CAN"]
[Date "2023.03.31"]
[Round "1.5"]
[White "Zhong, Kevin"]
[Black "Sambuev, Bator"]
[Result "1/2-1/2"]
[WhiteElo "2120"]
[BlackElo "2434"]
[PlyCount "114"]
[EventDate "2023.03.31"]
[EventType "schev"]
[EventRounds "5"]
[EventCountry "CAN"]

1. d4 Nf6 2. c4 e6 3. Nf3 b6 4. g3 Ba6 5. b3 b5 6. cxb5 Bxb5 7. Bg2 Bc6 8. O-O
a5 9. a3 Be7 10. Nc3 d5 11. Ne5 Bb7 12. Qc2 O-O 13. Na4 Nfd7 14. Nd3 Na6 15.
Bd2 Bf6 16. Nac5 Naxc5 17. Nxc5 Nxc5 18. Qxc5 Qe7 19. Qxe7 Bxe7 20. Rfc1 Rfc8
21. b4 axb4 22. Bxb4 Bxb4 23. axb4 Rxa1 24. Rxa1 Kf8 25. e3 Ke7 26. Bf1 Rb8 27.
Bd3 Bc6 28. Rb1 h6 29. Kf1 g5 30. Ke2 Ra8 31. Rb2 Kd6 32. Kf3 Ra3 33. Be2 f5
34. h4 e5 35. hxg5 hxg5 36. Kg2 exd4 37. exd4 Ba4 38. f4 gxf4 39. gxf4 Kc6 40.
Kf2 Kb6 41. b5 Ka5 42. Rb1 Rc3 43. Ke1 Re3 44. Kd2 Re4 45. Bd3 Rxd4 46. Ke3 Rb4
47. Rxb4 Kxb4 48. b6 cxb6 49. Kd4 Bd7 50. Kxd5 b5 51. Kd6 Kc3 52. Bf1 Be8 53.
Ke7 Bc6 54. Kd6 b4 55. Kxc6 Kd4 56. Bh3 Ke4 57. Kd6 Kxf4 1/2-1/2

[Event "Choc des generations"]
[Site "Montreal CAN"]
[Date "2023.04.01"]
[Round "2.5"]
[White "Tanaka, Tyler"]
[Black "Sambuev, Bator"]
[Result "1-0"]
[WhiteElo "2267"]
[BlackElo "2434"]
[PlyCount "121"]
[EventDate "2023.03.31"]
[EventType "schev"]
[EventRounds "5"]
[EventCountry "CAN"]

1. e4 e5 2. Nc3 Nf6 3. f4 d5 4. fxe5 Nxe4 5. Qf3 Nxc3 6. dxc3 c5 7. Bf4 Be6 8.
O-O-O Nd7 9. Rxd5 Be7 10. Rd1 Qc7 11. Kb1 O-O-O 12. Bd3 Nxe5 13. Qe2 Bd6 14.
Bxe5 Bxe5 15. Nf3 Bf6 16. Bc4 Bf5 17. Rxd8+ Rxd8 18. Rd1 Rxd1+ 19. Qxd1 Qe7 20.
Qd5 Be4 21. Qxf7 Qxf7 22. Bxf7 Kd7 23. Kc1 g5 24. h3 Ke7 25. Bh5 Ke6 26. Bg4+
Kd5 27. c4+ Kd6 28. b3 Bg6 29. Kd2 h5 30. Bc8 Be4 31. Ne1 Bd4 32. Nf3 Bf6 33.
Ne1 Be5 34. Ke3 Bc6 35. Bf5 Bd4+ 36. Ke2 Ke5 37. Bg6 h4 38. Bh5 b6 39. Nd3+ Kf5
40. Bg4+ Kf6 41. Bf3 Be8 42. Bg4 Bg6 43. Bf3 Bc3 44. Bg4 Be8 45. Bf3 Kf5 46.
Bb7 Be5 47. Bc8+ Ke4 48. Bb7+ Kd4 49. c3+ Kxc3 50. Nxe5 Kb2 51. Kd3 Bh5 52. Bf3
Be8 53. Be4 Kxa2 54. Kc3 Bh5 55. Nf3 a6 56. Nxg5 b5 57. cxb5 axb5 58. b4 Ka3
59. bxc5 b4+ 60. Kc2 b3+ 61. Kc3 1-0

[Event "Choc des generations"]
[Site "Montreal CAN"]
[Date "2023.04.02"]
[Round "4.1"]
[White "Sambuev, Bator"]
[Black "Adam, Rafael"]
[Result "1-0"]
[WhiteElo "2434"]
[BlackElo "1955"]
[PlyCount "83"]
[EventDate "2023.03.31"]
[EventType "schev"]
[EventRounds "5"]
[EventCountry "CAN"]

1. d4 Nf6 2. c4 e6 3. Nc3 d5 4. Bg5 Be7 5. e3 O-O 6. Nf3 Nbd7 7. Qc2 c6 8.
O-O-O dxc4 9. Bxc4 Nd5 10. h4 Nxc3 11. Qxc3 Re8 12. Kb1 Qc7 13. e4 Nf8 14. Bxe7
Qxe7 15. h5 b5 16. Bd3 b4 17. Qxc6 Bb7 18. Qb5 a5 19. h6 g6 20. Qe5 f6 21. Qf4
a4 22. Rc1 Rec8 23. Bc4 Kh8 24. d5 e5 25. Qe3 Nd7 26. Nd2 Rc5 27. Be2 Rac8 28.
Rxc5 Rxc5 29. Rc1 Kg8 30. Rc4 Rxc4 31. Bxc4 Qc5 32. Qh3 Nf8 33. Qd3 Bc8 34. d6+
Kh8 35. Qd5 Qxd5 36. Bxd5 Be6 37. Kc2 Bxd5 38. exd5 Nd7 39. Kd3 Nb6 40. Ne4
Nxd5 41. d7 Nf4+ 42. Kc4 1-0

[Event "Choc des generations"]
[Site "Montreal CAN"]
[Date "2023.04.02"]
[Round "5.1"]
[White "Zheng, Richard"]
[Black "Sambuev, Bator"]
[Result "1/2-1/2"]
[WhiteElo "2121"]
[BlackElo "2434"]
[PlyCount "90"]
[EventDate "2023.03.31"]
[EventType "schev"]
[EventRounds "5"]
[EventCountry "CAN"]

1. d4 e6 2. c4 Bb4+ 3. Bd2 Qe7 4. g3 Nf6 5. Bg2 O-O 6. Nf3 Ne4 7. a3 Bxd2+ 8.
Nbxd2 Nxd2 9. Qxd2 d6 10. O-O e5 11. dxe5 dxe5 12. Rfd1 a5 13. b4 axb4 14. axb4
Rxa1 15. Rxa1 Rd8 16. Qc3 f6 17. Ne1 Na6 18. Nc2 c6 19. b5 cxb5 20. cxb5 Nc5
21. Nb4 Be6 22. Rc1 Qd6 23. Bd5 Bxd5 24. Qxc5 Qxc5 25. Rxc5 Be6 26. Nd3 Kf7 27.
f4 exf4 28. Nxf4 g5 29. Nxe6 Kxe6 30. Kf2 h5 31. Rc7 Rd7 32. Rxd7 Kxd7 33. Ke3
b6 34. Kd4 Ke6 35. e4 Kd6 36. h3 Ke6 37. Kd3 Ke7 38. Kc4 Kd6 39. Kd4 Ke6 40.
Kd3 Kd6 41. Kd4 h4 42. g4 Ke6 43. Kd3 Ke5 44. Ke3 Ke6 45. Kd3 Ke5 1/2-1/2

[Event "Ding Liren-A"]
[Site "Gatineau CAN"]
[Date "2023.09.12"]
[Round "1"]
[White "Albert, Michel"]
[Black "Gagne, Learry"]
[Result "0-1"]
[WhiteElo "1169"]
[BlackElo "1222"]
[PlyCount "56"]
[EventDate "2023.09.12"]
[EventType "swiss"]
[EventRounds "5"]
[EventCountry "CAN"]

1. d4 d5 2. Nc3 Nf6 3. Bf4 e6 4. e3 Bb4 5. Nf3 Ne4 6. Bd3 Bxc3+ 7. bxc3 Nxc3 8.
Qe2 Nxe2 9. Bxe2 c6 10. O-O Nd7 11. Bd6 Nf6 12. Be5 O-O 13. Rab1 b5 14. Rfd1
Ne4 15. Rb3 f6 16. Rdb1 fxe5 17. Nxe5 Qf6 18. Bf3 Nd2 19. Rc1 Nxb3 20. cxb3 Qe7
21. g3 Bb7 22. h4 Rac8 23. Kg2 c5 24. dxc5 Rxc5 25. Rh1 Qf6 26. Nd7 Qxf3+ 27.
Kh2 Qxf2+ 28. Kh3 Rf3 0-1

[Event "Ding Liren-A"]
[Site "Gatineau CAN"]
[Date "2023.09.12"]
[Round "1"]
[White "Azar, Sebastien"]
[Black "Thompson, Francis"]
[Result "1-0"]
[WhiteElo "2053"]
[BlackElo "1749"]
[PlyCount "133"]
[EventDate "2023.09.12"]
[EventType "swiss"]
[EventRounds "5"]
[EventCountry "CAN"]
[TimeControl "90+30"]

1. e4 c6 2. d4 d5 3. e5 Bf5 4. Nf3 e6 5. Be2 c5 6. c4 Nc6 7. cxd5 exd5 8. Nc3
cxd4 9. Nxd4 Nxd4 10. Qxd4 Ne7 11. O-O Nc6 12. Qxd5 Qxd5 13. Nxd5 O-O-O 14. Nc3
Bc5 15. Bf4 Nd4 16. Rac1 Kb8 17. e6+ Bd6 18. Bxd6+ Rxd6 19. exf7 Nxe2+ 20. Nxe2
Rd2 21. Rfe1 Bg6 22. Nc3 Bxf7 23. Re7 Rf8 24. b3 Bg6 25. Re2 Rfd8 26. Rxd2 Rxd2
27. f3 a6 28. Re1 Rc2 29. Re3 b5 30. a3 Kb7 31. Ne2 Kc7 32. Nf4 Bf5 33. h4 Kd6
34. b4 Ra2 35. Ne2 Be6 36. Kh2 Bc4 37. Nf4 h6 38. h5 Bf7 39. Kg3 Bc4 40. Kg4
Bf7 41. Kf5 Rd2 42. g4 Rd4 43. Rd3 Rxd3 44. Nxd3 Kd5 45. Nc5 Kc4 46. Nxa6 Kb3
47. Nc7 Bc4 48. Kg6 Kxa3 49. Na6 Be2 50. Kxg7 Bxf3 51. Kxh6 Bxg4 52. Kg5 Be2
53. h6 Bd3 54. Kf6 Bb1 55. Kg7 Kb3 56. h7 Bxh7 57. Kxh7 Kc4 58. Kg6 Kd5 59. Kf5
Kd6 60. Kf6 Kd5 61. Ke7 Kc6 62. Ke6 Kb7 63. Nc5+ Kc6 64. Ke7 Kc7 65. Nd7 Kc6
66. Ke6 Kc7 67. Ne5 1-0

[Event "Ding Liren-A"]
[Site "Gatineau CAN"]
[Date "2023.09.12"]
[Round "1"]
[White "Fiset, Anais Chloe"]
[Black "Dupont-Mageau, Nicolas"]
[Result "1/2-1/2"]
[WhiteElo "1849"]
[BlackElo "1770"]
[PlyCount "39"]
[EventDate "2023.09.12"]
[EventType "swiss"]
[EventRounds "5"]
[EventCountry "CAN"]

1. e4 c5 2. Nf3 d6 3. Bb5+ Bd7 4. Bxd7+ Nxd7 5. O-O Ngf6 6. Re1 e6 7. c3 Be7 8.
d4 cxd4 9. cxd4 O-O 10. Nc3 a6 11. e5 dxe5 12. dxe5 Ne8 13. Ne4 Nc5 14. Qe2 Nc7
15. Nxc5 Bxc5 16. Bg5 Be7 17. Red1 Nd5 18. Bxe7 Qxe7 19. Rac1 Rac8 20. Qe4
1/2-1/2

[Event "Ding Liren-A"]
[Site "Gatineau CAN"]
[Date "2023.09.12"]
[Round "1"]
[White "Jacques, Olivier"]
[Black "Legault, Stephane"]
[Result "1-0"]
[WhiteElo "1302"]
[BlackElo "1380"]
[PlyCount "133"]
[EventDate "2023.09.12"]
[EventType "swiss"]
[EventRounds "5"]
[EventCountry "CAN"]
[TimeControl "90+30"]

1. e4 c5 2. Nf3 Nc6 3. Bb5 d6 4. O-O Bd7 5. Re1 e5 6. Nc3 Nf6 7. a4 Be7 8. Bf1
O-O 9. d3 Bg4 10. Be2 a6 11. Bg5 Be6 12. Bxf6 Bxf6 13. Nd2 Nd4 14. Nc4 Qc7 15.
a5 Bxc4 16. dxc4 Qc6 17. Nd5 Bd8 18. Bg4 f5 19. Bf3 Nxf3+ 20. Qxf3 fxe4 21.
Qxe4 Rc8 22. Re3 Kh8 23. Rh3 h6 24. Raa3 Bg5 25. Qg4 Kg8 26. Qe6+ Kh7 27. Rhg3
Rce8 28. Qh3 Bf4 29. Rg4 Qd7 30. Qd3+ e4 31. Qh3 Bc1 32. Qh5 Qf5 33. Qxf5+ Rxf5
34. Rb3 Rf7 35. Rb6 e3 36. fxe3 Bxe3+ 37. Nxe3 Rxe3 38. h3 Re1+ 39. Kh2 Rd7 40.
Rg3 Ra1 41. Ra3 Rxa3 42. bxa3 Kg6 43. Kg3 Kf5 44. Kf3 Ke5 45. Ke3 g5 46. c3 h5
47. g3 h4 48. g4 Rf7 49. a4 Rf4 50. Rxb7 Rxc4 51. Ra7 Rxc3+ 52. Kf2 Rc2+ 53.
Kf3 c4 54. Rxa6 c3 55. Rc6 Kd5 56. Rc8 Rh2 57. a6 Rxh3+ 58. Ke2 Rh2+ 59. Kd3
Rh3+ 60. Kc2 Kd4 61. a7 Rh2+ 62. Kb3 Rb2+ 63. Ka3 Rb1 64. a8=Q Ra1+ 65. Kb4 h3
66. Rxc3 h2 67. Rh3 1-0

[Event "Ding Liren-A"]
[Site "Gatineau CAN"]
[Date "2023.09.12"]
[Round "1"]
[White "Lecorre, Joel"]
[Black "Thibault, Mario"]
[Result "1/2-1/2"]
[WhiteElo "1528"]
[BlackElo "1692"]
[PlyCount "89"]
[EventDate "2023.09.12"]
[EventType "swiss"]
[EventRounds "5"]
[EventCountry "CAN"]

1. e4 c5 2. Nc3 g6 3. f4 Bg7 4. Nf3 a6 5. a4 Nc6 6. Bc4 e6 7. O-O Nge7 8. Re1
O-O 9. d3 d5 10. exd5 exd5 11. Ba2 Bg4 12. h3 Be6 13. Ne2 Nf5 14. Kh2 h6 15. c3
Qc7 16. g4 Nfe7 17. Kg2 b5 18. Be3 Qd6 19. d4 c4 20. Bb1 b4 21. Ne5 bxc3 22.
bxc3 Rab8 23. Bc2 Na5 24. Rb1 Qa3 25. Bc1 Qa2 26. Be3 Nb3 27. Nc1 Nxc1 28. Qxc1
Rb3 29. Ra1 Qb2 30. Qxb2 Rxb2 31. Re2 Rfb8 32. Bc1 R2b7 33. Nxg6 Nxg6 34. Bxg6
Bxg4 35. Bxf7+ Kxf7 36. hxg4 Rb3 37. Ra3 Rb1 38. Rc2 Re8 39. Kf2 Bf6 40. g5
hxg5 41. fxg5 Be7 42. Raa2 Kg6 43. Rab2 Rb8 44. Rxb8 Rxb8 45. Re2 1/2-1/2

[Event "Ding Liren-A"]
[Site "Gatineau CAN"]
[Date "2023.09.12"]
[Round "1"]
[White "Marghetis, Aris"]
[Black "Filion, Yves"]
[Result "1-0"]
[WhiteElo "1749"]
[BlackElo "1501"]
[PlyCount "99"]
[EventDate "2023.09.12"]
[EventType "swiss"]
[EventRounds "5"]
[EventCountry "CAN"]

1. e4 e5 2. Nc3 Nf6 3. Bc4 Nc6 4. d3 h6 5. Nge2 Bc5 6. Be3 Bxe3 7. fxe3 Na5 8.
Bb3 Nxb3 9. axb3 Ng4 10. Qd2 c6 11. h3 Nf6 12. Ng3 d5 13. exd5 cxd5 14. O-O O-O
15. Qf2 Qb6 16. d4 e4 17. Nf5 Bxf5 18. Qxf5 Qc6 19. g4 Qd6 20. Kg2 Qe6 21. Ra5
Rfd8 22. Qxe6 fxe6 23. Kg3 a6 24. Rc5 Rac8 25. Na4 Nd7 26. Rxc8 Rxc8 27. Rf2 b5
28. Nc3 g5 29. Kg2 Kg7 30. Na2 a5 31. Nc1 Rf8 32. Rxf8 Kxf8 33. Na2 e5 34. Nc3
exd4 35. exd4 Nf6 36. Nxb5 Ke7 37. c4 h5 38. Kg3 hxg4 39. hxg4 Kd7 40. Nc3 Kc6
41. cxd5+ Nxd5 42. Nxe4 Ne3 43. Nxg5 Kb5 44. Ne4 Nc2 45. d5 Ne3 46. g5 Nxd5 47.
Nc3+ Kc5 48. Nxd5 Kxd5 49. Kf4 Ke6 50. Ke4 1-0

[Event "Ding Liren-A"]
[Site "Gatineau CAN"]
[Date "2023.09.12"]
[Round "1"]
[White "Masse-Garneau, Anthony"]
[Black "Seguin, Hubert"]
[Result "1-0"]
[WhiteElo "1519"]
[BlackElo "1482"]
[PlyCount "107"]
[EventDate "2023.09.12"]
[EventType "swiss"]
[EventRounds "5"]
[EventCountry "CAN"]

1. e4 c5 2. Nf3 d6 3. d4 cxd4 4. Nxd4 Nf6 5. Nc3 Nc6 6. f3 a6 7. Nb3 e6 8. Bg5
Be7 9. Qd2 O-O 10. O-O-O Ne8 11. Bxe7 Qxe7 12. h4 b5 13. h5 Bb7 14. f4 Rd8 15.
Bd3 Nb4 16. g4 Nxd3+ 17. cxd3 Nc7 18. Rhg1 d5 19. e5 Rc8 20. Kb1 b4 21. Ne2 Nb5
22. d4 Rc7 23. Rc1 Rfc8 24. Rxc7 Rxc7 25. Rc1 Rxc1+ 26. Nexc1 Na7 27. Nd3 Nc6
28. Ndc5 a5 29. Qd3 Qc7 30. Qb5 Bc8 31. Nxa5 Qxa5 32. Qxc6 Qd8 33. g5 h6 34. g6
fxg6 35. hxg6 h5 36. Nxe6 Qd7 37. Qxd7 Bxd7 38. Ng5 h4 39. Nf3 h3 40. Kc1 Bf5
41. Kd2 Bxg6 42. Ke3 Kf7 43. Ng5+ Ke7 44. Nxh3 Kd7 45. Nf2 Kc6 46. Nd3 Kb5 47.
e6 Bf5 48. Nc5 Kc6 49. e7 Bg6 50. Na6 Kd7 51. Nxb4 Kxe7 52. Nxd5+ Kd6 53. Nc3
Bf5 54. b4 1-0

[Event "Ding Liren-A"]
[Site "Gatineau CAN"]
[Date "2023.09.12"]
[Round "1"]
[White "Raymond, Daniel"]
[Black "Latreille, Etienne"]
[Result "0-1"]
[WhiteElo "1795"]
[BlackElo "2094"]
[PlyCount "98"]
[EventDate "2023.09.12"]
[EventType "swiss"]
[EventRounds "5"]
[EventCountry "CAN"]

1. e4 c5 2. Nf3 Nc6 3. Bb5 g6 4. O-O Bg7 5. Re1 e5 6. c3 Nge7 7. Na3 O-O 8. Nc2
d5 9. exd5 Qxd5 10. Ne3 Qd8 11. Nc4 Bg4 12. h3 Bxf3 13. Qxf3 a6 14. Bxc6 Nxc6
15. d3 Rc8 16. Qe2 b5 17. Nd2 f5 18. a4 Qd5 19. axb5 axb5 20. Nf3 Rfd8 21. Bg5
Rd7 22. c4 bxc4 23. dxc4 Qd3 24. Qxd3 Rxd3 25. Rad1 Rxd1 26. Rxd1 e4 27. Ne1
Bxb2 28. Rb1 Bg7 29. Nc2 Kf8 30. Ne3 Rb8 31. Rd1 Bd4 32. Bf4 Rb4 33. Rc1 Rb2
34. Ra1 Rb7 35. Ra8+ Kf7 36. Ra6 Nb4 37. Ra8 Nd3 38. Bh6 Rb1+ 39. Kh2 Bxe3 40.
Ra7+ Kf6 41. Bxe3 f4 42. Bd2 g5 43. Rxh7 Nxf2 44. Bc3+ Kg6 45. Rg7+ Kh6 46. g4
e3 47. Kg2 Ne4 48. Be5 e2 49. Re7 Rg1+ 0-1

[Event "Ding Liren-A"]
[Site "Gatineau CAN"]
[Date "2023.09.19"]
[Round "2"]
[White "Bastien, Andre"]
[Black "Lattafi, Youcef"]
[Result "0-1"]
[WhiteElo "1787"]
[BlackElo "1800"]
[PlyCount "92"]
[EventDate "2023.09.12"]
[EventType "swiss"]
[EventRounds "5"]
[EventCountry "CAN"]

1. d4 Nf6 2. Nf3 c5 3. c3 e6 4. e3 Nc6 5. Bd3 d5 6. b3 b6 7. Nbd2 Bd6 8. Bb2
Bb7 9. O-O Ne7 10. c4 Ng6 11. Ne5 Qc7 12. f4 Rd8 13. Qe2 O-O 14. Rac1 Qe7 15.
Bb1 Nh4 16. Qf2 Ne4 17. Nxe4 dxe4 18. g3 Nf5 19. Qe2 f6 20. Ng4 Bb8 21. Nf2
cxd4 22. Bxd4 Nxd4 23. exd4 f5 24. Rfd1 Qf6 25. Qe3 Qh6 26. c5 bxc5 27. Rxc5 a6
28. Kg2 e5 29. dxe5 Ba7 30. b4 Bxc5 31. bxc5 Qc6 32. Rd6 Qc7 33. Rb6 Kh8 34. g4
g6 35. Kg3 Rd5 36. Qb3 Ba8 37. Rxa6 Rxc5 38. Qb4 Rc3+ 39. Kh4 Qd8+ 40. g5 Rf3
41. Nh3 e3 42. Rd6 Qc8 43. e6 Qc1 44. Qd4+ Kg8 45. Bd3 Qd2 46. e7 Qe1+ 0-1

[Event "Ding Liren-A"]
[Site "Gatineau CAN"]
[Date "2023.09.19"]
[Round "2"]
[White "Chartrand, Alexis"]
[Black "Jacques, Olivier"]
[Result "0-1"]
[WhiteElo "1184"]
[BlackElo "1302"]
[PlyCount "98"]
[EventDate "2023.09.12"]
[EventType "swiss"]
[EventRounds "5"]
[EventCountry "CAN"]
[TimeControl "90+30"]

1. d4 d5 2. c4 c6 3. Nc3 Nf6 4. Nf3 a6 5. g3 b5 6. cxd5 cxd5 7. Bg2 e6 8. Bg5
Bd6 9. Ne5 O-O 10. e4 Be7 11. exd5 exd5 12. Bxf6 Bxf6 13. Nxd5 Ra7 14. Rc1 Bb7
15. Nxf6+ Qxf6 16. Bxb7 Rxb7 17. Qf3 Qxf3 18. Nxf3 f6 19. O-O Rd8 20. g4 Rbd7
21. Rfd1 Rd6 22. d5 Nd7 23. Rc6 Nb6 24. Rxd6 Rxd6 25. g5 Rxd5 26. Rxd5 Nxd5 27.
h4 Kf7 28. gxf6 Kxf6 29. Kh2 Nb4 30. a3 Nd3 31. Kg3 Nxb2 32. Nd4 Nc4 33. Nc2 g5
34. Nb4 gxh4+ 35. Kxh4 a5 36. Nc2 Ke5 37. Kg5 Ke4 38. f4 h6+ 39. Kxh6 Kd3 40.
Nb4+ axb4 41. axb4 Nd6 42. Kg6 Kc4 43. Kf6 Kxb4 44. Ke6 Kc5 45. f5 Nxf5 46.
Kxf5 Kd4 47. Kf4 b4 48. Kf3 b3 49. Ke2 b2 0-1

[Event "Ding Liren-A"]
[Site "Gatineau CAN"]
[Date "2023.09.19"]
[Round "2"]
[White "Filion, Yves"]
[Black "Simard, Francois"]
[Result "1/2-1/2"]
[WhiteElo "1501"]
[BlackElo "1447"]
[PlyCount "112"]
[EventDate "2023.09.12"]
[EventType "swiss"]
[EventRounds "5"]
[EventCountry "CAN"]
[TimeControl "5400+30"]

1. e4 e5 2. Nf3 Nc6 3. d4 exd4 4. Nxd4 Bc5 5. Be3 Qf6 6. c3 Nge7 7. Bc4 O-O 8.
Qd2 h6 9. O-O Bb6 10. Rd1 d6 11. Nxc6 Nxc6 12. Bxb6 axb6 13. Qd3 Ne5 14. Qf1
Nxc4 15. Qxc4 Qe7 16. Qd3 Be6 17. b3 Bxb3 18. Rd2 d5 19. exd5 Qe1+ 20. Qf1 Rfe8
21. Rd4 Bxa2 22. Nd2 Qxf1+ 23. Rxf1 Rad8 24. c4 b5 25. Ra1 Bxc4 26. Nxc4 bxc4
27. Rxc4 Rxd5 28. Rxc7 Rb8 29. Rb1 b5 30. h3 b4 31. Rb3 Kf8 32. Rf3 b3 33.
Rfxf7+ Ke8 34. Rxg7 Kd8 35. Ra7 Rd1+ 36. Kh2 Re1 37. Rg8+ Re8 38. Rxe8+ Kxe8
39. Ra1 b2 40. Rb1 Ke7 41. g4 Ke6 42. f4 Kd5 43. g5 hxg5 44. fxg5 Ke5 45. Kg3
Kf5 46. h4 Rb3+ 47. Kh2 Kg4 48. g6 Kxh4 49. g7 Rh3+ 50. Kg2 Rg3+ 51. Kf2 Rxg7
52. Rxb2 Rg4 53. Rb8 Kg5 54. Rg8+ Kf4 55. Ra8 Kg5 56. Ra5+ Kf4 1/2-1/2

[Event "Ding Liren-A"]
[Site "Gatineau CAN"]
[Date "2023.09.19"]
[Round "2"]
[White "Fiset, Anais Chloe"]
[Black "Marghetis, Aris"]
[Result "1/2-1/2"]
[WhiteElo "1849"]
[BlackElo "1749"]
[PlyCount "67"]
[EventDate "2023.09.12"]
[EventType "swiss"]
[EventRounds "5"]
[EventCountry "CAN"]

1. e4 e5 2. Nf3 d6 3. d4 exd4 4. Nxd4 Nf6 5. Nc3 Be7 6. Be2 O-O 7. O-O Re8 8.
Be3 a6 9. f4 Nbd7 10. Bf3 Bf8 11. Nb3 Rb8 12. a4 b6 13. a5 b5 14. e5 dxe5 15.
Ba7 Bb7 16. Bxb8 Qxb8 17. Bxb7 Qxb7 18. fxe5 Rxe5 19. Qf3 Qa7+ 20. Kh1 Bd6 21.
Rae1 Rxe1 22. Rxe1 Ne5 23. Qf5 Neg4 24. Re2 g6 25. Qf3 Bxh2 26. Re1 b4 27. Nd5
Ne4 28. Qxe4 Nf2+ 29. Kxh2 Nxe4 30. Rxe4 Qb7 31. Nf6+ Kg7 32. Ne8+ Kf8 33. Nf6
Kg7 34. Ne8+ 1/2-1/2

[Event "Ding Liren-A"]
[Site "Gatineau CAN"]
[Date "2023.09.19"]
[Round "2"]
[White "Latreille, Etienne"]
[Black "Desjardins, Michel"]
[Result "1/2-1/2"]
[WhiteElo "2094"]
[BlackElo "1907"]
[PlyCount "68"]
[EventDate "2023.09.12"]
[EventType "swiss"]
[EventRounds "5"]
[EventCountry "CAN"]

1. e4 d5 2. exd5 Qxd5 3. Nc3 Qd6 4. d4 Nf6 5. Nf3 g6 6. Nb5 Qb6 7. a4 a6 8. Na3
Bg7 9. Nc4 Qa7 10. Be2 Bf5 11. O-O O-O 12. Ne3 Bc8 13. c3 c5 14. dxc5 Qxc5 15.
Bc4 Nc6 16. b4 Qb6 17. Qb3 e6 18. Be2 Ne4 19. Bb2 Rd8 20. a5 Qc7 21. Nc4 Bd7
22. Nb6 Rab8 23. Bd3 Nf6 24. Rfd1 Be8 25. c4 Nd7 26. Bxg7 Kxg7 27. b5 Ne7 28.
Qa3 Nc5 29. Bf1 Kg8 30. h4 Nf5 31. h5 Ne4 32. g4 Nxf2 33. Kxf2 Qg3+ 34. Ke2
Qxg4 1/2-1/2

[Event "Ding Liren-A"]
[Site "Gatineau CAN"]
[Date "2023.09.19"]
[Round "2"]
[White "Piche, Danielle"]
[Black "Arcand, Pierre"]
[Result "0-1"]
[WhiteElo "930"]
[BlackElo "1171"]
[PlyCount "126"]
[EventDate "2023.09.12"]
[EventType "swiss"]
[EventRounds "5"]
[EventCountry "CAN"]

1. d4 d5 2. Bf4 Nf6 3. Nf3 e6 4. e3 Nc6 5. c4 Bb4+ 6. Nc3 Bxc3+ 7. bxc3 O-O 8.
Bd3 Ne4 9. O-O Nxc3 10. Qc2 Ne4 11. Bxe4 dxe4 12. Qxe4 f5 13. Qb1 b6 14. Rc1
Bb7 15. c5 Rc8 16. cxb6 axb6 17. a4 Na5 18. Rd1 Bxf3 19. gxf3 Qd5 20. Kg2 Rf7
21. e4 fxe4 22. fxe4 Qh5 23. d5 Rxf4 24. Ra3 exd5 25. exd5 Rg4+ 26. Rg3 Rxg3+
27. hxg3 Qg6 28. Qa2 Kh8 29. Qe2 Re8 30. Qa6 Qe4+ 31. Kh3 Qxa4 32. Rd3 Qd7+ 33.
Kg2 h6 34. f4 Nc4 35. Qxc4 Qd6 36. Kf3 Rd8 37. Qd4 c5 38. Qc4 Rb8 39. Re3 b5
40. Qe4 b4 41. f5 Rd8 42. Rd3 Rb8 43. Rb3 Rb7 44. Qe8+ Kh7 45. Qg6+ Qxg6 46.
fxg6+ Kxg6 47. d6 Rd7 48. Rd3 Kf6 49. Ke4 Ke6 50. Rd5 Rxd6 51. Rxc5 Rb6 52.
Re5+ Kf6 53. Kf4 b3 54. Re1 b2 55. Rb1 Rb4+ 56. Ke3 g5 57. Kd2 Kf5 58. Kc2 Kg4
59. Rxb2 Rxb2+ 60. Kxb2 Kxg3 61. Kc2 g4 62. Kd2 Kf2 63. Kd3 g3 0-1

[Event "Ding Liren-A"]
[Site "Gatineau CAN"]
[Date "2023.09.19"]
[Round "2"]
[White "Raymond, Daniel"]
[Black "Azar, Sebastien"]
[Result "0-1"]
[WhiteElo "1795"]
[BlackElo "2053"]
[PlyCount "108"]
[EventDate "2023.09.12"]
[EventType "swiss"]
[EventRounds "5"]
[EventCountry "CAN"]

1. e4 c5 2. Nf3 d6 3. d4 cxd4 4. Nxd4 Nf6 5. Nc3 Nc6 6. Be2 g6 7. Be3 Bg7 8.
O-O O-O 9. Re1 a6 10. a4 Bd7 11. Nb3 Rc8 12. f4 Qc7 13. Nd5 Nxd5 14. exd5 Na5
15. c3 Bxc3 16. bxc3 Qxc3 17. Bd2 Qxb3 18. Bxa5 Qe3+ 19. Kh1 Qxf4 20. Bd2 Qh4
21. Bf3 Rc4 22. a5 Rfc8 23. Rc1 Rxc1 24. Bxc1 h5 25. Re4 Qf6 26. Qe1 Bf5 27.
Re2 Qa1 28. Bd2 Qxe1+ 29. Rxe1 Rc2 30. Bg5 f6 31. Be3 Kf7 32. h4 Rc4 33. g3 Be4
34. Bg2 e6 35. dxe6+ Kxe6 36. Bb6 f5 37. Kg1 d5 38. Rd1 Ke5 39. Bxe4 fxe4 40.
Rb1 d4 41. Rb2 e3 42. Kf1 Ke4 43. Bd8 Kf3 44. Rb1 d3 45. Bg5 d2 46. Bxe3 Kxe3
47. Rb3+ Rc3 48. Rxc3+ Kd4 49. Ke2 Kxc3 50. Kd1 Kd3 51. g4 hxg4 52. h5 g3 53.
hxg6 g2 54. g7 g1=Q# 0-1

[Event "Ding Liren-A"]
[Site "Gatineau CAN"]
[Date "2023.09.19"]
[Round "2"]
[White "Seguin, Hubert"]
[Black "Lecorre, Joel"]
[Result "1-0"]
[WhiteElo "1482"]
[BlackElo "1528"]
[PlyCount "91"]
[EventDate "2023.09.12"]
[EventType "swiss"]
[EventRounds "5"]
[EventCountry "CAN"]

1. e4 e6 2. d4 d5 3. e5 c5 4. c3 Nc6 5. Nf3 Qb6 6. Bd3 Bd7 7. Bc2 cxd4 8. cxd4
Rc8 9. a3 Nge7 10. Nc3 Na5 11. O-O Ng6 12. Ba4 Bxa4 13. Qxa4+ Nc6 14. b4 Be7
15. Be3 O-O 16. Ne2 a6 17. Rfc1 Na7 18. Nc3 Rc7 19. Ra2 Rfc8 20. Rac2 Nh4 21.
Nxh4 Bxh4 22. Nxd5 Rxc2 23. Rxc2 Qb5 24. Qxb5 axb5 25. Rxc8+ Nxc8 26. Nc3 Nb6
27. Nxb5 Nc4 28. Bc1 Be7 29. Kf1 f6 30. f4 h5 31. Ke2 f5 32. Kd3 Nb6 33. Nc3
Kf7 34. Kc2 Ke8 35. Kb3 Kd7 36. Na4 Kc6 37. Nxb6 Kxb6 38. Kc4 Kc6 39. b5+ Kc7
40. a4 b6 41. Kb3 Kb7 42. Ba3 Bd8 43. Kc4 Bc7 44. Bd6 g6 45. Bxc7 Kxc7 46. d5
1-0